Zawodnicy z największą liczbą medali na zawodach WCA - Statystyki

Ogólne statystyki
  • Ten quiz został rozwiązany 6 razy
  • Średni wynik to 5 z 20
Statystyki odpowiedzi
Liczba medali Speedcuber % Poprawnych
933 Feliks Zemdegs
83%
554 Michał Halczuk
83%
575 Antonie Paterakis
33%
1375 Bence Barát
33%
558 Carter Kucala
33%
635 Jayden McNeill
33%
976 Martin Vædele Egdal
33%
1103 Daniel Wallin
17%
600 Luke Garrett
17%
700 Mats Valk
17%
582 Max Siauw
17%
657 Niko Ronkainen
17%
552 Stanley Chapel
17%
632 Walker Welch
17%
655 Clément Cherblanc
0%
893 Erik Akkersdijk
0%
685 Evan Liu
0%
789 Jan Bentlage
0%
572 Robert Yau
0%
541 Sébastien Auroux
0%
Nie znaleziono quizów pasujących do podanych kryteriów
Rozkład punktacji
Procent ludzi z każdym wynikiem
Percentyl według liczby udzielonych odpowiedzi
Twoja historia wyników
Nie rozwiązałeś tego quizu